[Event "Satu Mare Toamna Cup"]
[Site "Satu Mare"]
[Date "2014.09.19"]
[Round "8"]
[White "Sandu, Ionel"]
[Black "Erdeus, Gheorghe"]
[Result "0-1"]
[WhiteElo "1951"]
[BlackElo "2253"]
[PlyCount "81"]
[EventDate "2014.09.15"]
[EventType "tourn"]
[EventRounds "9"]
[EventCountry "ROU"]
[EventCategory "2"]
[SourceTitle "EXT 2016"]
[Source "ChessBase"]
[SourceDate "2015.10.08"]
[SourceVersion "1"]
[SourceVersionDate "2015.10.08"]
[SourceQuality "1"]

1. Na3 d5 2. c3 c6 3. d4 Bf5 4. e3 Nf6 5. Bd3 Bxd3 6. Qxd3 e6 7. Nc2 Bd6 8. Ne2 Nbd7 9. 0-0 Qc7 10. f4 Ne4 11. c4 Ndf6 12. c5 Be7 13. Ne1 b6 14. cxb6 axb6 15. f5 e5 16. Nf3 Bd6 17. dxe5 Bxe5 18. Nxe5 Qxe5 19. Qd4 Qxd4 20. Nxd4 c5 21. Nb5 0-0 22. h3 Ra5 23. Nc3 Rfa8 24. Nxe4 Nxe4 25. a3 f6 26. Rd1 c4 27. Bd2 Rb5 28. Bb4 Ng3 29. Kf2 Nxf5 30. g4 Nh4 31. Rac1 Ng6 32. e4 Nf4 33. exd5 Nd3+ 34. Rxd3 cxd3 35. d6 Rd5 36. Ke3 d2 37. Rd1 Re8+ 38. Kf2 Re6 39. Rxd2 Rxd2+ 40. Bxd2 Rxd6 41. Be3 0-1

[Event "Satu Mare Toamna Cup"]
[Site "Satu Mare"]
[Date "2014.09.17"]
[Round "4"]
[White "Erdeus, Gheorghe"]
[Black "Suciu, Dinu Simi"]
[Result "1/2-1/2"]
[WhiteElo "2253"]
[BlackElo "2187"]
[PlyCount "46"]
[EventDate "2014.09.15"]
[EventType "tourn"]
[EventRounds "9"]
[EventCountry "ROU"]
[EventCategory "2"]
[SourceTitle "EXT 2016"]
[Source "ChessBase"]
[SourceDate "2015.10.08"]
[SourceVersion "1"]
[SourceVersionDate "2015.10.08"]
[SourceQuality "1"]

1. d4 d5 2. c4 c6 3. Nf3 Nf6 4. Nc3 a6 5. cxd5 cxd5 6. e3 Nc6 7. Bd3 Bg4 8. h3 Bxf3 9. Qxf3 e6 10. 0-0 Be7 11. Bd2 0-0 12. Rac1 Qa5 13. a3 Rfc8 14. Qe2 Qd8 15. Rc2 Na5 16. b4 Nc4 17. Bc1 b5 18. Bxc4 Rxc4 19. Bb2 Rac8 20. Rfc1 R8c6 21. Nd1 Qc8 22. Rxc4 Rxc4 23. Rxc4 Qxc4 1/2-1/2

[Event "Satu Mare Toamna Cup"]
[Site "Satu Mare"]
[Date "2014.09.16"]
[Round "3"]
[White "Levay, Sorin"]
[Black "Erdeus, Gheorghe"]
[Result "1-0"]
[WhiteElo "2327"]
[BlackElo "2253"]
[PlyCount "45"]
[EventDate "2014.09.15"]
[EventType "tourn"]
[EventRounds "9"]
[EventCountry "ROU"]
[EventCategory "2"]
[SourceTitle "EXT 2016"]
[Source "ChessBase"]
[SourceDate "2015.10.08"]
[SourceVersion "1"]
[SourceVersionDate "2015.10.08"]
[SourceQuality "1"]

1. e4 e6 2. d4 d5 3. Nd2 Nf6 4. e5 Nfd7 5. Bd3 b6 6. c3 Ba6 7. Bb1 c5 8. f4 Nc6 9. Ngf3 g6 10. Kf2 Rc8 11. Nf1 Bxf1 12. Rxf1 Be7 13. Be3 0-0 14. g4 f6 15. Kg2 fxe5 16. fxe5 Rf7 17. h4 Bxh4 18. g5 Rxf3 19. Qxf3 Bxg5 20. Bxg6 Nf8 21. Bf7+ Kh8 22. Qg4 h6 23. Rf6 1-0

[Event "Satu Mare Toamna Cup"]
[Site "Satu Mare"]
[Date "2014.09.15"]
[Round "1"]
[White "Florescu, Codrut Constantin"]
[Black "Erdeus, Gheorghe"]
[Result "1/2-1/2"]
[WhiteElo "2191"]
[BlackElo "2253"]
[PlyCount "43"]
[EventDate "2014.09.15"]
[EventType "tourn"]
[EventRounds "9"]
[EventCountry "ROU"]
[EventCategory "2"]
[SourceTitle "EXT 2016"]
[Source "ChessBase"]
[SourceDate "2015.10.08"]
[SourceVersion "1"]
[SourceVersionDate "2015.10.08"]
[SourceQuality "1"]

1. d4 d5 2. c4 e6 3. Nc3 Nf6 4. Nf3 Be7 5. Bg5 h6 6. Bh4 b6 7. e3 Qd7 8. Be2 Ba6 9. cxd5 Bxe2 10. Qxe2 exd5 11. 0-0 0-0 12. Rfd1 Ne4 13. Bxe7 Nxc3 14. bxc3 Qxe7 15. Rac1 Nd7 16. c4 dxc4 17. Rxc4 c5 18. dxc5 Nxc5 19. Rcd4 Rad8 20. Rxd8 Rxd8 21. Rxd8+ Qxd8 22. h3 1/2-1/2

[Event "ROM-chT"]
[Site "Romania"]
[Date "1994.??.??"]
[Round "?"]
[White "Erdeus, Gheorghe"]
[Black "Danilov, Vladimir"]
[Result "1-0"]
[WhiteElo "2325"]
[BlackElo "2315"]
[PlyCount "117"]
[EventDate "1994.??.??"]
[EventType "team"]
[EventRounds "10"]
[EventCountry "ROU"]
[SourceTitle "EXT 1997"]
[Source "ChessBase"]
[SourceDate "1996.11.15"]
[SourceVersion "1"]
[SourceVersionDate "1996.11.15"]
[SourceQuality "1"]

1. d4 d5 2. c4 e6 3. Nc3 c6 4. cxd5 exd5 5. Qc2 g6 6. e3 Bf5 7. Bd3 Bxd3 8. Qxd3 Nf6 9. Nge2 Nbd7 10. 0-0 Bg7 11. Bd2 0-0 12. Ng3 c5 13. Rad1 c4 14. Qc2 h5 15. f4 h4 16. Nge2 Re8 17. f5 g5 18. Bc1 Nf8 19. b3 Rc8 20. bxc4 Rxc4 21. Qb3 Qd7 22. Kh1 N8h7 23. Bd2 a6 24. a4 Qd6 25. h3 Nh5 26. Rc1 Rec8 27. e4 dxe4 28. Nxe4 Rxc1 29. Bxc1 Qe7 30. Qf3 Rc2 31. Ba3 Qe8 32. Re1 N7f6 33. N2c3 Qc6 34. d5 Qc4 35. Nxf6+ Nxf6 36. Ne4 Qxa4 37. Be7 Qa5 38. Rd1 Nxd5 39. Bxg5 f6 40. Bxf6 Nxf6 41. Nxf6+ Bxf6 42. Qb3+ Kg7 43. Qxc2 Qb4 44. Qe2 Qf4 45. Qh5 Kf8 46. Qh7 Bg7 47. Qg6 Bd4 48. Qe6 Qe5 49. Qc8+ Ke7 50. Qxb7+ Kf6 51. Qxa6+ Ke7 52. Qd3 Bc5 53. Qd8+ Kf7 54. Rd7+ Be7 55. Qxe7+ Qxe7 56. Rxe7+ Kxe7 57. Kg1 Kf6 58. Kf2 Kxf5 59. Ke3 1-0

[Event "ROM-chT"]
[Site "Romania"]
[Date "1992.??.??"]
[Round "?"]
[White "Erdeus, Gheorghe"]
[Black "Itkis, Boris"]
[Result "0-1"]
[WhiteElo "2345"]
[BlackElo "2355"]
[PlyCount "54"]
[EventDate "1992.??.??"]
[EventType "team"]
[EventRounds "9"]
[EventCountry "ROU"]
[SourceTitle "EXT 1997"]
[Source "ChessBase"]
[SourceDate "1996.11.15"]
[SourceVersion "1"]
[SourceVersionDate "1996.11.15"]
[SourceQuality "1"]

1. d4 Nf6 2. c4 e6 3. Nf3 c5 4. Nc3 cxd4 5. Nxd4 a6 6. e3 Bb4 7. Qc2 0-0 8. Be2 d5 9. a3 Bxc3+ 10. Qxc3 dxc4 11. Qxc4 b5 12. Qb3 e5 13. Nf3 Nc6 14. 0-0 Bg4 15. h3 Bh5 16. Qd1 Qe7 17. b4 Rfd8 18. Nd2 Bg6 19. Qb3 Rac8 20. Re1 Bf5 21. Nf1 Ne4 22. f3 Qh4 23. fxe4 Qxe1 24. Bf3 Be6 25. Qb2 a5 26. bxa5 Nxa5 27. Rb1 Nb3 0-1

[Event "ROM-chT"]
[Site "Romania"]
[Date "1992.??.??"]
[Round "?"]
[White "Pessi, Emil George"]
[Black "Erdeus, Gheorghe"]
[Result "1/2-1/2"]
[WhiteElo "2385"]
[BlackElo "2345"]
[PlyCount "63"]
[EventDate "1992.??.??"]
[EventType "team"]
[EventRounds "9"]
[EventCountry "ROU"]
[SourceTitle "EXT 1997"]
[Source "ChessBase"]
[SourceDate "1996.11.15"]
[SourceVersion "1"]
[SourceVersionDate "1996.11.15"]
[SourceQuality "1"]

1. e4 e6 2. d4 d5 3. Bd3 c5 4. exd5 Qxd5 5. Nc3 Qd8 6. Nf3 a6 7. 0-0 Nc6 8. Bg5 Nf6 9. dxc5 Bxc5 10. Qe2 Be7 11. Rad1 Qc7 12. a3 b5 13. Ne4 Bb7 14. Rfe1 Rd8 15. b4 Nxe4 16. Bxe4 0-0 17. c4 Rxd1 18. Rxd1 bxc4 19. Qxc4 Rd8 20. Rc1 Bxg5 21. Nxg5 h6 22. Nf3 Qd7 23. h3 Rc8 24. Qf1 f5 25. Bxc6 Rxc6 26. Ne5 Rxc1 27. Nxd7 Rxf1+ 28. Kxf1 Kf7 29. f4 Ke7 30. Nc5 Bc8 31. Kf2 Kd6 32. Nd3 1/2-1/2

[Event "Gorzow Wielkopolski"]
[Site "Gorzow Wielkopolski"]
[Date "1987.05.27"]
[Round "5"]
[White "Adamski, Andrzej"]
[Black "Erdeus, Gheorghe"]
[Result "1-0"]
[WhiteElo "2310"]
[BlackElo "2350"]
[PlyCount "66"]
[EventDate "1987.05.23"]
[EventType "tourn"]
[EventRounds "13"]
[EventCountry "POL"]
[EventCategory "4"]
[SourceTitle "EXT 2015"]
[Source "ChessBase"]
[SourceDate "2014.11.20"]
[SourceVersion "1"]
[SourceVersionDate "2014.11.20"]
[SourceQuality "1"]

1. e4 e6 2. d4 d5 3. e5 c5 4. c3 Nc6 5. Nf3 Qb6 6. Bd3 Bd7 7. dxc5 Bxc5 8. 0-0 a5 9. a4 Nge7 10. Qe2 Ng6 11. h4 f5 12. h5 Nge7 13. Bf4 0-0 14. Na3 Be8 15. Ng5 Nd8 16. Nb5 h6 17. Nh3 Nf7 18. Rad1 Rd8 19. Kh1 d4 20. c4 Qc6 21. Kh2 Nc8 22. g4 Be7 23. Rg1 Ng5 24. Bxg5 hxg5 25. Rg3 Nb6 26. b3 f4 27. Rgg1 f3 28. Qe1 Bb4 29. Qe4 Qxe4 30. Bxe4 Bc5 31. Nxg5 Bc6 32. Bxc6 bxc6 33. Ne4 Be7 1-0

[Event "Vilcea Festival"]
[Site "Calimanesti"]
[Date "1984.01.07"]
[Round "1"]
[White "Erdeus, Gheorghe"]
[Black "Tischbierek, Raj"]
[Result "0-1"]
[WhiteElo "2285"]
[BlackElo "2450"]
[PlyCount "79"]
[EventDate "1984.01.07"]
[EventType "tourn"]
[EventRounds "11"]
[EventCountry "ROU"]
[EventCategory "7"]
[SourceTitle "EXT 2013"]
[Source "ChessBase"]
[SourceDate "2012.11.22"]
[SourceVersion "1"]
[SourceVersionDate "2012.11.22"]
[SourceQuality "1"]

1. d4 Nf6 2. c4 e6 3. Nf3 d5 4. Nc3 Bb4 5. e3 0-0 6. a3 Bxc3+ 7. bxc3 c5 8. cxd5 exd5 9. Bd3 c4 10. Bc2 Bg4 11. h3 Bh5 12. g4 Bg6 13. Ne5 Be4 14. f3 Bxc2 15. Qxc2 Ne8 16. f4 Qh4+ 17. Qf2 Qxf2+ 18. Kxf2 Nd6 19. Bb2 Nc6 20. a4 Na5 21. Rac1 Ne4+ 22. Kg2 Nb3 23. Rc2 f6 24. Nf3 Rfc8 25. g5 Rc6 26. gxf6 gxf6 27. Nh4 Kf7 28. Kh2 Rg8 29. Nf5 Ke6 30. Nh6 Rg3 31. f5+ Kd7 32. Ba3 Ra6 33. Rg1 Rxg1 34. Kxg1 Rxa4 35. Bf8 Ra1+ 36. Kg2 Rc1 37. Rxc1 Nxc1 38. Bb4 Na2 39. Kf3 Nxb4 40. cxb4 0-1